Ferias comerciales: cómo organizarlas y participar en ellas con éxito (Registro nro. 11994)
[ vista simple ]
| 000 -CABECERA | |
|---|---|
| campo de control de longitud fija | 01818nam a22006017a 4500 |
| 005 - FECHA Y HORA DE ACTUALIZACIÓN | |
| campo de control | 20190603192046.0 |
| 008 - LONGITUD FIJA | |
| campo de control de longitud fija | 190603b xxu||||| |||| 00| 0 spa d |
| 020 ## - INTERNATIONAL STANDARD BOOK NUMBER | |
| Número Internacional Estándar del Libro | 9786077075189 |
| 041 ## - IDIOMA | |
| Código de idioma del texto/pista de sonido o título separado | |
| 082 ## - CLASIFICACIÓN DECIMAL DEWEY | |
| Número de clasificación | 1.0.40 L616f |
| 100 ## - AUTOR PERSONAL | |
| Nombre de persona | Lerma Klrchner, Alejandro |
| 100 ## - AUTOR PERSONAL | |
| Nombre de persona | Márquez Castro, Enrique |
| 245 ## - TÍTULO PROPIAMENTE DICHO | |
| Título | Ferias comerciales: cómo organizarlas y participar en ellas con éxito |
| 260 ## - PIE DE IMPRENTA | |
| Lugar de publicación, distribución, etc. | México |
| 260 ## - PIE DE IMPRENTA | |
| Nombre del editor, distribuidor, etc. | Alfaomega |
| 260 ## - PIE DE IMPRENTA | |
| Fecha de publicación, distribución, etc. | 2013 |
| 300 ## - DESCRIPCIÓN FÍSICA | |
| Extensión | 248 páginas |
| 650 ## - Materia General | |
| Materia general | FERIAS COMERCIALES |
| 650 ## - Materia General | |
| Materia general | ORGANIZACIÓN |
| 650 ## - Materia General | |
| Materia general | CLASIFICACIÓN |
| 650 ## - Materia General | |
| Materia general | OBJETIVOS |
| 650 ## - Materia General | |
| Materia general | GASTOS |
| 650 ## - Materia General | |
| Materia general | FUENTES DE INFORMACIÓN |
| 650 ## - Materia General | |
| Materia general | FERIAS VIRTUALES |
| 650 ## - Materia General | |
| Materia general | PROGRAMA DE ACTIVIDADES |
| 650 ## - Materia General | |
| Materia general | PLANEACIÓN |
| 650 ## - Materia General | |
| Materia general | RESERVACIÓN |
| 650 ## - Materia General | |
| Materia general | REGISTRO |
| 650 ## - Materia General | |
| Materia general | CATÁLOGOS |
| 650 ## - Materia General | |
| Materia general | EXPOSITORES |
| 650 ## - Materia General | |
| Materia general | EQUIPO DE TRABAJO |
| 650 ## - Materia General | |
| Materia general | TRANSPORTE |
| 650 ## - Materia General | |
| Materia general | ALMACENAJE |
| 650 ## - Materia General | |
| Materia general | STAND |
| 650 ## - Materia General | |
| Materia general | EXHIBIDORES |
| 650 ## - Materia General | |
| Materia general | ATENCIÓN DE VISITANTES |
| 650 ## - Materia General | |
| Materia general | PRESENTACIONES |
| 650 ## - Materia General | |
| Materia general | DEMOSTRACIONES |
| 650 ## - Materia General | |
| Materia general | EVALUACIÓN DE RESULTADOS |
| 650 ## - Materia General | |
| Materia general | CONTACTOS DE NEGOCIOS |
| 650 ## - Materia General | |
| Materia general | MOBILIARIO |
| 650 ## - Materia General | |
| Materia general | ILUMINACIÓN |
| 650 ## - Materia General | |
| Materia general | DISEÑO GRÁFICO |
| 650 ## - Materia General | |
| Materia general | PUBLICIDAD |
| 650 ## - Materia General | |
| Materia general | MATERIAL IMPRESO |
| 650 ## - Materia General | |
| Materia general | MATERIAL AUDIOVISUAL |
| 650 ## - Materia General | |
| Materia general | PERSONAL |
| 650 ## - Materia General | |
| Materia general | INTELIGENCIA COMERCIAL |
| 650 ## - Materia General | |
| Materia general | SERVICIOS PARA EXPOSITORES |
| 650 ## - Materia General | |
| Materia general | SERVICIOS PARA VISITANTES |
| 650 ## - Materia General | |
| Materia general | SEGURIDAD |
| 942 ## - Punto de Acceso Adicional Koha | |
| Tipo de ítem Koha | Libro |
| Estado perdido | Estado dañado | No para préstamo | Biblioteca permanente | Biblioteca actual | Signatura completa | Código de barras | Precio efectivo a partir del | Tipo de ítem |
|---|---|---|---|---|---|---|---|---|
| Departamento de Biblioteca y Documentación Alfonso Chase Brenes | Departamento de Biblioteca y Documentación Alfonso Chase Brenes | 1.0.40 L616f | 24396 | 03/06/2019 | Libro | |||
| Departamento de Biblioteca y Documentación Alfonso Chase Brenes | Departamento de Biblioteca y Documentación Alfonso Chase Brenes | 1.0.40 L616f | 24397 | 03/06/2019 | Libro |